| 000 | 00506nam a22001937a 4500 | ||
|---|---|---|---|
| 003 | NUST - PNEC | ||
| 005 | 20170116180810.0 | ||
| 008 | 150427b xxu||||| |||| 00| 0 eng d | ||
| 020 | _a9810137001 | ||
| 040 | _cLIBRARY | ||
| 082 | _a423.1 PEA | ||
| 100 |
_93250 _a Pearson, Rosemary |
||
| 245 |
_a Idioms. _cRosemary, Pearson, |
||
| 250 | _a- | ||
| 260 |
_aSingapore. _bFederal Publications, _cc 1989. |
||
| 300 | _a204 p . : | ||
| 650 |
_93251 _a Idioms _xEnglish language--Idioms |
||
| 942 |
_2ddc _cBK |
||
| 999 |
_c63324 _d63324 |
||